000 00867nam a2200205Ia 4500
001 11310
003 GE_BSU
008 181216s||||||||xx |||||||||||||| ||und||
040 _cGE_BSU
080 _a547
100 _aზალკინდი ი.ს.
245 _aგახსნილჯაჭვიანი ორგანული შენაერთების ქიმია
245 _cრედ: ი. მოსეშვილი მთარგმ. ა. კახნიაშვილი, ა. ნოღაიდელი
260 _aთბილისი
260 _bთბილისის სა. უნ–ტის გამ–ბა.
260 _c1949
300 _a451გვ.24სმ.
653 _aგახსნილჯაჭვიანი ორგანული შენაერთების ქიმია
942 _cBK
999 _c44512
_d44512